000 00471nam a2200181Ia 4500
008 230711s9999||||xx |||||||||||||| ||und||
020 _a978-1-4822-0812-2
041 _aENG
082 _a664
_bSR-F
100 _aDamodaran, Srinivasan
245 0 _aFennema's Food Chemistry
250 _a5th Ed.
260 _c2017
_aNew York
_bCRC Press Taylor & Francis Group
300 _a1107p.
650 _aFood Science and Technology
700 _aParkin, Kirk L
942 _cBK
999 _c7484
_d7484